| 000 | 00922nam a22002417a 4500 | ||
|---|---|---|---|
| 001 | 80562 | ||
| 003 | BD-RjUL | ||
| 005 | 20221018154715.0 | ||
| 008 | 221018s2003 bg a|||| m||| 00| 0 eng d | ||
| 035 | _a(BD-RjUL)80562 | ||
| 040 |
_aBD-RjUL _beng _cBD-RjUL _dBD-RjUL |
||
| 041 | _aeng | ||
| 082 |
_223 _a514.223 _bBES 2003 |
||
| 100 |
_aBegum, Mst. Sabina _95319 |
||
| 245 | 1 | 0 |
_aSynthesis and characterization of some liquid crystal type complexes of Fe, Co, Ni and Cu. / _cBy Mst. Sabina Begum ; _6Supervisor : Md. Belayet Hossain, Howlader |
| 260 |
_aRajshahi : _bDepartment of Chemistry, University of Rajshahi, _c2003 |
||
| 300 |
_avi, 97 leaves : _bill, ; _c29.cm. |
||
| 502 | _aThesis (M. Phil.) -- Department of Chemistry, University of Rajshahi, 2003 | ||
| 504 | _aReferences : Leaves 97 | ||
| 650 |
_aComplexes _vTopology _95320 |
||
| 700 |
_aHowlader, Md. Belayet Hossain, Supervisor _95321 |
||
| 942 |
_2ddc _cTHE |
||
| 999 |
_c80562 _d80562 |
||